My toes are starting to wiggle : (Record no. 103237)
[ view plain ]
| 000 -LEADER | |
|---|---|
| fixed length control field | 00535nam a2200157 a 4500 |
| 005 - DATE AND TIME OF LATEST TRANSACTION | |
| control field | 20140412111256.0 |
| 008 - FIXED-LENGTH DATA ELEMENTS--GENERAL INFORMATION | |
| fixed length control field | 001120s19uu xx 00 eng d |
| 050 ## - LIBRARY OF CONGRESS CALL NUMBER | |
| Classification number | TR(GS 371.3 |
| Item number | W434 1989 |
| 100 ## - MAIN ENTRY--PERSONAL NAME | |
| Personal name | Weismann, Jackie |
| 245 ## - TITLE STATEMENT | |
| Title | My toes are starting to wiggle : |
| Remainder of title | other easy song for circle time / |
| Statement of responsibility, etc | Jackie Weissman ; illustrated by Diane Foster. |
| 260 ## - PUBLICATION, DISTRIBUTION, ETC. (IMPRINT) | |
| Place of publication, distribution, etc | Overland Park, Kansas : |
| Name of publisher, distributor, etc | Miss Jackie Music Co, |
| Date of publication, distribution, etc | 1989. |
| 300 ## - PHYSICAL DESCRIPTION | |
| Extent | 196 p. |
| 650 ## - SUBJECT ADDED ENTRY--TOPICAL TERM | |
| Topical term or geographic name as entry element | Children songs |
| 650 ## - SUBJECT ADDED ENTRY--TOPICAL TERM | |
| Topical term or geographic name as entry element | Songbooks -- activity program |
| Withdrawn status | Lost status | Damaged status | Home library | Current library | Shelving location | Date acquired | Source of acquisition | Total Checkouts | Full call number | Barcode | Date last seen | Price effective from | Koha item type |
|---|---|---|---|---|---|---|---|---|---|---|---|---|---|
| Elizalde Library | Elizalde Library | Teachers Reference Section | 11/20/2000 | TR(GS 371.3 W434 1989 | E4046 | 04/12/2014 | 04/12/2014 | Books |